000 00491cam a2200181 a 4500
020 _a2718902892 (v. 1) :
020 _a2718903244 (v. 2) :
040 _cDLC
082 0 0 _a241 DES 1985 A009 Or.
100 1 _aChristophe, Paul.
245 1 4 _aLes pauvres et la pauvreté /
260 _aParis :
_bDesclée,
_cc1985-c1987.
300 _a2 v. ;
_c22 cm.
490 1 _aBibliothèque d'histoire du christianisme ;
650 0 _aPoverty
650 0 _aChurch work with the poor.
942 _cFB
999 _c15729
_d15729